Structural and foundation failures : a casebook for architects, engineers, and lawyers /

Bibliographic Details
Main Author: LePatner, Barry B.
Other Authors: Johnson, Sidney M.
Format: Book
Language:English
Published: New York : McGraw-Hill, [1982]
Subjects:

MARC

Tag First Indicator Second Indicator Subfields
LEADER 00000pam a2200000 a 4500
001 in00000073931
005 20151008060059.0
008 810427s1982 nyua 00110 eng
010 |a  81005986  
020 |a 0070325847 :  |c $24.95 
035 |a (OCoLC)07551661 
035 |9 AAJ5086AM 
039 0 |a 2  |b 3  |c 3  |d 3  |e 3 
040 |a DLC  |c DLC  |d TXA  |d UtOrBLW 
049 |a TXAM  |c 2 [A09837257] 
050 0 0 |a TA656  |b .L46 
082 0 |a 624.1  |2 19 
100 1 |a LePatner, Barry B. 
245 1 0 |a Structural and foundation failures :  |b a casebook for architects, engineers, and lawyers /  |c by Barry B. LePatner & Sidney M. Johnson. 
264 1 |a New York :  |b McGraw-Hill,  |c [1982] 
264 4 |c ©1982 
300 |a x, 249 pages :  |b illustrations ;  |c 25 cm. 
336 |a text  |b txt  |2 rdacontent 
337 |a unmediated  |b n  |2 rdamedia 
338 |a volume  |b nc  |2 rdacarrier 
500 |a Includes index. 
650 0 |a Structural failures  |x Case studies. 
650 0 |a Building failures  |x Case studies. 
700 1 |a Johnson, Sidney M. 
999 |a MARS 
999 f f |s 7685b367-940f-3ff9-a207-7a9e26dddecc  |i b8ab1322-6c90-3ea3-aa0e-276b38283e96  |t 0 
952 f f |p ric  |a Texas A&M University  |b Rellis Campus  |c Joint Library Facility  |d Remote Storage  |t 0  |e TA656 .L46  |h Library of Congress classification  |i unmediated -- volume  |m A14809837257 
998 f f |a TA656 .L46  |t 0  |l Remote Storage